000 00401nam a2200181Ia 4500
001 11504
005 20260306162833.0
008 260306t1979||||xx |||||||||||||| ||spa||
041 _aESP
082 _a985.061
_bT88
100 _aTudela Ch. Alejandro
_eAUT
245 0 _aEl león de Tarapacá
260 _c1979
300 _a
_c
650 _aGEN
654 _aCHU
942 _cLIB
_dJUS
_fJUS
_2ddc
_n
999 _c11504
_d11504